| Tag |
First Indicator |
Second Indicator |
Subfields |
| LEADER |
00000cam a2200000 a 4500 |
| 001 |
in00000014945 |
| 005 |
20160115090338.0 |
| 008 |
870925s1987 mau b 00000 eng |
| 010 |
|
|
|a 87029063
|
| 020 |
|
|
|a 0080359663 (pbk.) :
|c $9.95
|
| 035 |
|
|
|a (OCoLC)16833013
|
| 035 |
|
|
|9 AAA9751AM
|
| 040 |
|
|
|a DLC
|c DLC
|d TXA
|d UtOrBLW
|
| 043 |
|
|
|a e-uk---
|a e------
|a n------
|
| 049 |
|
|
|a TXAM
|c [A11488852]
|
| 050 |
0 |
0 |
|a UA647
|b .B854 1987
|
| 082 |
0 |
|
|a 355/.033041
|2 19
|
| 245 |
0 |
0 |
|a British security policy and the Atlantic Alliance :
|b prospects for the 1990s /
|c Martin Holmes [and others].
|
| 264 |
|
1 |
|a Cambridge, Mass. :
|b Pergamon-Brassey's International Defense Publishers,
|c 1987.
|
| 300 |
|
|
|a xv, 140 pages ;
|c 23 cm.
|
| 336 |
|
|
|a text
|b txt
|2 rdacontent
|
| 337 |
|
|
|a unmediated
|b n
|2 rdamedia
|
| 338 |
|
|
|a volume
|b nc
|2 rdacarrier
|
| 490 |
1 |
|
|a Special report
|
| 500 |
|
|
|a "A publication of the Institute for Foreign Policy Analysis, Inc., Cambridge, Massachusetts and Washington, D.C."
|
| 504 |
|
|
|a Includes bibliographical references.
|
| 536 |
|
|
|a Dr. Paul P. Van Riper Collection, Department of Political Science.
|
| 650 |
|
0 |
|a National security
|z Great Britain.
|
| 610 |
2 |
0 |
|a North Atlantic Treaty Organization.
|
| 700 |
1 |
|
|a Holmes, Martin,
|d 1954 April 26-
|
| 710 |
2 |
|
|a Institute for Foreign Policy Analysis.
|
| 830 |
|
0 |
|a Special report (Institute for Foreign Policy Analysis)
|
| 999 |
|
|
|a MARS
|
| 999 |
f |
f |
|s f432e32f-b1a2-3834-b78e-94cc2fe5727f
|i e44fa5d2-cb23-3a14-b902-219fd805180f
|t 0
|
| 952 |
f |
f |
|p ric
|a Texas A&M University
|b Rellis Campus
|c Joint Library Facility
|d Remote Storage
|t 0
|e UA647 .B854 1987
|h Library of Congress classification
|i unmediated -- volume
|m A14821289373
|
| 998 |
f |
f |
|a UA647 .B854 1987
|t 0
|l Remote Storage
|